000 00399cam a2200169ua 4500
001 19361
008 130619n II |||gr||||Z||||||eng
040 _aMAIN
041 _aEnglish
082 _a578.012 MON
100 _aMONDAL, DR.AMAL KUMAR.
245 _aADVANCED PLANT TAXONOMY
250 _aREP.
260 _a[s.l:
_bNEW CENTRAL BOOK AGENCY,
_c2011.
300 _a441:
_c20CM.
942 _cBK
999 _c19223
_d19223